000 00401nam a22001337a 4500
008 131129b xxu||||| |||| 00| 0 eng d
050 _aSPC DT165.H927
100 _aHumphreys, Rachel
_94379
245 _aAlgiers, the Sahara and the Nile
260 _aLondon
_bW. J. Ham-Smith
_c1912
300 _aviii; 182p.;
_c18cm
650 _aAfrica, North
_94381
_xDescription & travel
942 _2lcc
_cMONOGRAPH
999 _c118843
_d118843